<?xml version="1.0" encoding="UTF-8"?><?xml-stylesheet type="text/xsl" href="static/style.xsl"?><OAI-PMH xmlns="http://www.openarchives.org/OAI/2.0/" xmlns:xsi="http://www.w3.org/2001/XMLSchema-instance" xsi:schemaLocation="http://www.openarchives.org/OAI/2.0/ http://www.openarchives.org/OAI/2.0/OAI-PMH.xsd"><responseDate>2026-04-27T21:50:23Z</responseDate><request verb="GetRecord" identifier="oai:uvadoc.uva.es:10324/62375" metadataPrefix="marc">https://uvadoc.uva.es/oai/request</request><GetRecord><record><header><identifier>oai:uvadoc.uva.es:10324/62375</identifier><datestamp>2025-02-18T11:29:27Z</datestamp><setSpec>com_10324_1191</setSpec><setSpec>com_10324_931</setSpec><setSpec>com_10324_894</setSpec><setSpec>col_10324_1381</setSpec></header><metadata><record xmlns="http://www.loc.gov/MARC21/slim" xmlns:doc="http://www.lyncode.com/xoai" xmlns:xsi="http://www.w3.org/2001/XMLSchema-instance" xmlns:dcterms="http://purl.org/dc/terms/" xsi:schemaLocation="http://www.loc.gov/MARC21/slim http://www.loc.gov/standards/marcxml/schema/MARC21slim.xsd">
<leader>00925njm 22002777a 4500</leader>
<datafield tag="042" ind1=" " ind2=" ">
<subfield code="a">dc</subfield>
</datafield>
<datafield tag="720" ind1=" " ind2=" ">
<subfield code="a">Pérez Pons, María Eugenia</subfield>
<subfield code="e">author</subfield>
</datafield>
<datafield tag="720" ind1=" " ind2=" ">
<subfield code="a">Parra Domínguez, Javier</subfield>
<subfield code="e">author</subfield>
</datafield>
<datafield tag="720" ind1=" " ind2=" ">
<subfield code="a">Anzola Rojas, Camilo</subfield>
<subfield code="e">author</subfield>
</datafield>
<datafield tag="720" ind1=" " ind2=" ">
<subfield code="a">Durán Barroso, Ramón José</subfield>
<subfield code="e">author</subfield>
</datafield>
<datafield tag="720" ind1=" " ind2=" ">
<subfield code="a">Miguel Jiménez, Ignacio de</subfield>
<subfield code="e">author</subfield>
</datafield>
<datafield tag="720" ind1=" " ind2=" ">
<subfield code="a">Queiroz, Jonás</subfield>
<subfield code="e">author</subfield>
</datafield>
<datafield tag="720" ind1=" " ind2=" ">
<subfield code="a">Leitão, Paulo</subfield>
<subfield code="e">author</subfield>
</datafield>
<datafield tag="260" ind1=" " ind2=" ">
<subfield code="c">2021</subfield>
</datafield>
<datafield tag="520" ind1=" " ind2=" ">
<subfield code="a">Agents  are  understood  by  definition  as  entities  that  interact  with their environment and also with other agents. Thus, when two or more agents are able to work together in order to solve a common problem, they form a  multi-agent  system  (MAS).  MAS  are  systems  that  integrate  a  set  of  agents  that interact, communicate and coordinate to achieve the established objectives. MAS  are  designed  to  meet  a  set  of  objectives  according  to  a  set  of  rules  and  standards.  This  article  briefly  summarizes  different  MAS  classifications  and  methodologies that have been extensively used in the literature.</subfield>
</datafield>
<datafield tag="024" ind2=" " ind1="8">
<subfield code="a">Proceedings of the IV Workshop on Disruptive Information and Communication Technologies for Innovation and Digital Transformation, Ediciones Universidad de Salamanca, pp. 35-47</subfield>
</datafield>
<datafield tag="024" ind2=" " ind1="8">
<subfield code="a">https://uvadoc.uva.es/handle/10324/62375</subfield>
</datafield>
<datafield tag="024" ind2=" " ind1="8">
<subfield code="a">10.14201/0AQ03153547</subfield>
</datafield>
<datafield tag="245" ind1="0" ind2="0">
<subfield code="a">A brief review on multi-agent system approaches &#xd;
and methodologies</subfield>
</datafield>
</record></metadata></record></GetRecord></OAI-PMH>